Highest Verticals in NBA History - Statistics

General Stats
  • This quiz has been taken 19 times
  • The average score is 3 of 10
Answer Stats
Hint Answer % Correct
48'' Michael Jordan
88%
46'' Spud Webb
47%
46'' Zach LaVine
24%
45'' Zion Williamson
24%
46'' James White
18%
46.5'' Jason Richardson
18%
48'' Darrell Griffith
12%
44'' Dee Brown
12%
44'' Harold Miner
12%
44.5'' Shannon Brown
12%
No matching quizzes found
Score Distribution
Percent of People with Each Score
Percentile by Number Answered
Your Score History
You have not taken this quiz